书目信息 |
| 题名: |
跤王
|
|
| 作者: | 张建广 著 | |
| 分册: | ||
| 出版信息: | 北京 大众文艺出版社 2009.01 |
|
| 页数: | 331页 | |
| 开本: | 23cm | |
| 丛书名: | ||
| 单 册: | ||
| 中图分类: | I247.5 | |
| 科图分类: | ||
| 主题词: | 长篇小说--中国--当代 | |
| 电子资源: | ||
| ISBN: | 978-7-80240-260-7 | |
| 000 | 00585nam0 2200205 450 | |
| 001 | 297303 | |
| 005 | 20111226095132.48 | |
| 010 | @a978-7-80240-260-7@dCNY32.00 | |
| 100 | @a20111226d2009 km y0chiy0120 ea | |
| 101 | 0 | @achi |
| 102 | @aCN@b110000 | |
| 105 | @ay z 000yy | |
| 200 | 1 | @a跤王@Ajiao wang@f张建广著@Fzhang jian guang zhu |
| 210 | @a北京@c大众文艺出版社@d2009.01 | |
| 215 | @a331页@d23cm | |
| 606 | 0 | @a长篇小说@y中国@z当代 |
| 690 | @aI247.5@v4 | |
| 701 | 0 | @a张建广@Azhang jian guang@4著 |
| 801 | 0 | @aCN@bZZRC@c20111226 |
| 905 | @a郑州市财税学校图书馆@dI247.5@eZ1224@f5 | |
| 跤王/张建广著.-北京:大众文艺出版社,2009.01 |
| 331页;23cm |
| ISBN 978-7-80240-260-7:CNY32.00 |
| ● |
| 相关链接 |
|
|
|
正题名:跤王
索取号:I247.5/Z1224
 
预约/预借
| 序号 | 登录号 | 条形码 | 馆藏地/架位号 | 状态 | 备注 |
| 1 | 1068522 | 210685221 | 社科二线400B/400B社科库 18排2列5层/ [索取号:I247.5/Z1224] | 在馆 | |
| 2 | 1068523 | 210685230 | 文学库108/108文学库 41排4列5层/ [索取号:I247.5/Z1224] | 在馆 | |
| 3 | 1068524 | 210685249 | 文学库108/108文学库 41排4列5层/ [索取号:I247.5/Z1224] | 在馆 | |
| 4 | 1068525 | 210685258 | 文学库108/108文学库 41排4列5层/ [索取号:I247.5/Z1224] | 在馆 | |
| 5 | 1068526 | 210685267 | 社科二线400B/400B社科库 18排2列5层/ [索取号:I247.5/Z1224] | 在馆 |